Gaming Quiz

Random Gaming or Definition Quiz

Games By Other Definitions Quiz Stats

 Plays Quiz Updated Jan 4, 2015

Also try: Name the Game
Challenge
Share
Tweet
Embed
Score 0/20 Timer 06:00
1 Play Today
Other Use Game % Correct
Spanish for the English number 'one'Uno
99.8%
A structure spanning and providing passage over a river, chasm, road, or the likeBridge
92.7%
A device, machine, or the like whose structure or function is to catch a small rodentMousetrap
82.1%
Any of a class of warships that are the most heavily armored and are equipped with the most powerful armamentBattleship
79.7%
A medical procedure involving an incision with instrumentsOperation
79.6%
The part of the skull that encloses the brainCranium
79.5%
A hint to the solution of a problem or mysteryClue
77.4%
A conflict carried on by force of arms, as between nations or between parties within a nationWar
76.4%
Exclusive control of a commodity or service in a particular marketMonopoly
75.2%
A film starring Helen Hunt and Bill Paxton as storm chasers researching tornadoesTwister
73.8%
Other Use Game % Correct
Exposure to the chance of injury or lossRisk
70.4%
Feeling regret, compunction, sympathy, pity, etc.Sorry
68.3%
The condition that distinguishes organisms from inorganic objects and dead organismsLife
67.4%
A Shakespeare tragedy featuring Desdemona and IagoOthello
61.3%
A tool used to stir a firePoker
53.8%
Proscribed by society as improper or unacceptableTaboo
40.4%
The original name of the apostle PeterSimon
36.6%
The order of succession of events or numbersSequence
25.2%
To disturb the mental calm and contentment of; worry; distress; agitateTrouble
24.7%
A short, leather-covered club, consisting of a heavy head on a flexible handle, used as a weaponBlackjack
13.6%

You're not logged in!

Compare scores with friends on all Sporcle quizzes.
OR
Log In

You Might Also Like...

Show Comments

Extras

Top Quizzes Today


Score Distribution

Your Account Isn't Verified!

In order to create a playlist on Sporcle, you need to verify the email address you used during registration. Go to your Sporcle Settings to finish the process.

Report this User

Report this user for behavior that violates our Community Guidelines.

Details: